Lordships of the Sultanate of Rum in 1200 on a Map - Statistics

General Stats
  • This quiz has been taken 17 times
  • The average score is 5 of 12
Answers on the Map
Answers color-coded by a green-red scale on the quiz's map according to % correct below.
 
Answer Stats
Lordship % Correct
Ankara
93%
Konya
80%
Kayseri
60%
Malatya
40%
Amasya
33%
Kütahya
33%
Nigde
27%
Tokat
27%
Aksaray
20%
Elbistan
20%
Eregli
20%
Niksar
13%
No matching quizzes found
Score Distribution
Percent of People with Each Score
Percentile by Number Answered
Your Score History
You have not taken this quiz